Citez un des personnages figurant sur ces couvertures de One Piece (2) - Statistiques

Statistiques générales
  • Ce quiz a été pris 150 fois
  • Le résultat moyen est 17 sur 19
Statistiques - réponses
Par images Réponse % Correct
Roronoa Zoro | Sanji | Nami | Usopp | Tony-Tony Chopper | Nico Robin
100%
Crocodile | Nico Robin | Das Bones | Paula | Bentham | Mr 4 | Miss Merry Christmas | Lassou
99%
Roronoa Zoro | Sanji | Nami | Usopp | Tony-Tony Chopper | Nefertari Vivi | Kaloo | Longs-cils
99%
Roronoa Zoro | Sanji | Nami | Usopp | Tony-Tony Chopper | Nico Robin
99%
Roronoa Zoro | Tony-Tony Chopper | Nico Robin | Braham | Genbo | Kamakiri | Laki | Wiper
99%
Nefertari Vivi | Roronoa Zoro | Sanji | Nami | Usopp | Tony-Tony Chopper
98%
Nico Robin | Masira | Shojo | Bellamy
98%
Roronoa Zoro | Nami | Tony-Tony Chopper | Franky | Icebarg
98%
Sanji | Tony-Tony Chopper | Montblanc Norland | Calgara | Nora
98%
Shanks | Marshall D. Teach | Baggy
98%
Nico Robin | Kalifa | Rob Lucci | Kaku | Blueno
96%
Icebarg | Kalifa | Kaku | Paulie | Rob Lucci
94%
Usopp | Franky | Kiwi
94%
Ener
93%
Foxy | Porché | Hamburg | Pickles | Big Pan | Monda | Capote | Itomimizu | Chunchun
88%
Sniperking | Sanji | Kokoro | Chimney | Gonbe | Sodome | Gomorrhe
87%
Blueno | Baskerville | Oimo | Kashi
80%
Nora | Aisa | Gan Forr | Pierre | Conis | Su
61%
Satori | Shura | Gedatsu | Om
50%
Aucun quiz correspondant
Distribution des résultats
% des personnes avec chaque résultat
Percentile par nombre de réponses
Votre historique - résultats
Vous n’avez pas pris ce quiz